From banana plantation to supermarket shelf: Costa Rican laborers and corporate responsability /
Gespeichert in:
| 1. Verfasser: | |
|---|---|
| Format: | Abschlussarbeit |
| Schlagworte: | |
| Tags: |
Tag hinzufügen
Keine Tags, Fügen Sie den ersten Tag hinzu!
|
MARC
| LEADER | 00000 a a2200000 04500 | ||
|---|---|---|---|
| 001 | 31786 | ||
| 003 | |||
| 040 | |||
| 090 | |a 19899.00 | ||
| 100 | |a Fouratt, Caitlin | ||
| 245 | |a From banana plantation to supermarket shelf: |b Costa Rican laborers and corporate responsability / |c Caitlin Fouratt | ||
| 300 | |a 120 páginas | ||
| 502 | |a Tesis (Bachelor of Arts) -- Villanova University, 2004 | ||
| 650 | |a PLANTACIONES BANANERAS | ||
| 650 | |a EMPRESAS TRANSNACIONALES | ||
| 650 | |a CONDICIONES DE TRABAJO | ||
| 650 | |a ORGANIZACION DE LOS TRABAJADORES | ||
| 650 | |a SINDICATOS | ||
| 650 | |a PARTICIPACION DE LOS TRABAJADORES | ||
| 650 | |a REDES SOCIALES | ||
| 650 | |a TRABAJADORAS | ||
| 650 | |a COSTA RICA | ||
| 999 | |c 18022 |d 18022 | ||
